| 000 | 00507nam a2200205 a 4500 | ||
|---|---|---|---|
| 003 | OSt | ||
| 005 | 20140426085550.0 | ||
| 008 | 070329s19uu xx 00 eng d | ||
| 020 | _a0439169666 | ||
| 050 |
_aPZ 7 _b.P397 2003 |
||
| 100 | _aPence, Joanne | ||
| 245 |
_aToo many cooks / _cJoanne Pence |
||
| 260 |
_aU.S.A : _bHarper Collins Publishers, _c2003. |
||
| 300 |
_a343 p. : _c17 cm. _bcol. ill. ; |
||
| 521 | _aG1 | ||
| 526 | _c190 | ||
| 650 | _aFiction. | ||
| 942 |
_cBK _2lcc |
||
| 999 |
_c47504 _d47504 |
||